000 00564nam a2200181Ia 4500
005 20260120124524.0
008 008 260114s9999 xx 000 0 eng d
020 _a9781786354860
037 _aEBOOK
040 _aCRL
_beng
_cCRL
041 _aeng
_2eng
084 _qCRL
245 0 _aModels of Start-up Thinking and Action: Theoretical, Empirical and Pedagogical Approaches
260 _bEmerald Publishing
_c2016
856 _uhttps://www.emerald.com/insight/publication/doi/10.1108/S1074-7540201618
942 _cEBOOK
999 _c1499133
_d1499133